000 01208nam0a2200325 4500
001 RU\NLR\BIBL_A\022700259
005 20260426072351.0
010 _a978-5-8291-4433-3
_9300
021 _aRU
_bКН-П-25-071434
_9КН-П-25-6920
035 _a(NLR Aleph) 022700259
090 _a13692737
_c13692737
100 _a20260114d2026 k y0rusy50 ca
101 0 _arus
102 _aRU
105 _aa z 000yy
181 0 _ai
_baxxe
182 0 _an
200 1 _aЧисла в песочной терапии
_fА. В. Гаврик, Е. В. Ратникова
203 _aТекст
_bвизуальный
_cнепосредственный
210 _aМосква
_cАкадемический проект
_d2026 (печ. 2025)
215 _a218, [1] с.
_cил., табл., цв. ил.
_d21
606 1 _aПесочная терапия
_92432124
_3RU\NLR\AUTH\661447547
686 1 _aЮ948.1-82
686 1 _aР357.19
700 1 _aГаврик
_bА. В.
_gАнжелика Владимировна
701 1 _aРатникова
_bЕ. В.
_gЕлена Владимировна
942 _cBOOK
980 _aNB